000 00868cam a2200313 4500
001 ABS66791
008 030714n2003 000 0 eng u
035 _a(Sirsi) u122988
245 _aRegional survey: London boroughs west
260 _c2003
490 _aProperty Week
_v68(22) 6 June 2003, 63-76(8)
590 _aABS
650 _aLONDON BOROUGHS WEST
650 _aPROPERTY-COMMERCIAL PROPERTY-OFFICE PROPERTY-OFFICE PROPERTY MARKET
650 _aINDUSTRIAL MARKET
650 _aWEST LONDON
650 _aHEATHROW
650 _aTERMINAL 5
650 _aFELTHAM
650 _aHAMMERSMITH
650 _aCHISWICK
650 _aBRENTFORD
650 _aUXBRIDGE
650 _aIRAQ
650 _aENGINEERING FIRMS
650 _aUS CONSTRUCTION CONTRACTORS
690 _aPROPERTY-COMMERCIAL PROPERTY-COMMERCIAL PROPERTY MARKET
942 _n0
999 _c73031
_d73031